000 00537nam a2200181Ia 4500
008 240729s9999 xx 000 0 und d
022 _a1745-7262
245 0 _aAsian Journal of Andrology
260 _aIndia
260 _bWolters Kluwer Medknow Publications
650 _a Diseases of the genitourinary system. Urology
650 _a Internal medicine
650 _a Specialties of internal medicine
650 _aMedicine
856 _uhttps://doaj.org/toc/a0a33289632346dd8a7fcdf3e70bba70
942 _2ddc
942 _cDOAJEJ
999 _c71720
_d71720
945 _a1
_bMadushi Gamage
_c1
_dMadushi Gamage